000 01656cam a22004694i 4500
003 PE-LiUPU
005 20250731172948.0
008 150623s r 000 0 d
020 _a0814322719
035 _a(Sirsi) i9780814322710
040 _aPE-LiUPU
_bspa
_cPE-LiUPU
_erda
049 _aPRUA
082 0 4 _a296.311
_bP294h
_223
100 1 0 _aPatai, Raphael,
_eautor.
245 1 4 _aThe Hebrew Goddess /
_cRaphael Patai.
264 1 _aMichigan :
_bWayne State University Press,
_c1990.
300 _a368 páginas ;
_c23 centímetros.
336 _atext
_2rdacontent
337 _aunmediated
_2rdamedia
338 _avolume
_2rdacarrier
490 0 _a(Jewish Folklore Anthropology)
504 _aIncluye bibliografía.
505 0 _aIntroduction. -The Goddess Asherah. -Astarte-Anath. -The Cherubim. -THe Shekhina. -The Kabbalistic tetrad. -Matronit - the Goddess of the Kabbala. -The myth of God and the Shekhina. -Yihudim - unifications. -The Shekhina as Maggid and vision. -Lilith. -The Sabbath - Virgin, Bride, Queen, and Goddess. -Conclusion.
526 _aSEG42
526 _aSEG41
526 _aSEG40
526 _aSEG39
526 _aP94
526 _aP87
526 _aP86
526 _aP85
526 _aP77
526 _aP76
526 _aP35
630 0 _aBiblia.
_xMitología.
_93024
650 0 4 _aMitología judía.
650 0 0 _aDiosas madres
_zPalestina.
_93025
942 _2ddc
_cBK
_n0
949 _a296.311 P294h
_wDEWEY
_c1
_i44828
_lCCODEBUL1
_mBUL
_r0
_sY
_tBOOK
_u2015-6-24
_xTEOLOGIA
_0COMPRA
_o.STAFF. Colección General
980 _81
_gALBERTO SANCHEZ Responsable de Automatización
999 _c21699
_d21699